Hauptstädte Europas, die auf n enden - Statistiken

Allgemein
  • Dieses Quiz wurde 97 mal gespielt
  • Das Durchschnittsergebnis liegt bei 8 aus 9
Antwortstatistiken
Antwort % Korrekt
Berlin
99%
Lissabon
92%
London
89%
Bern
88%
Wien
87%
Dublin
84%
Athen
80%
Kopenhagen
80%
Tallinn
77%
Keine übereinstimmenden Quizze gefunden
Verteilung der Resultate
Anzahl Personen mit jedem Resultat
Perzentil nach korrekt beantworteten Fragen
Ihre Resultats-Entwicklung
Sie haben dieses Quiz noch nicht gespielt